LIBRARY & INFORMATION CENTRE, KCAET, TAVANUR

ONLINE PUBLIC ACCESS CATALOGUE (OPAC)

Indian water resource development for irigation: issues critics reviews / (Record no. 7281)

MARC details
000 -LEADER
fixed length control field 00508cam a2200181ua 4500
020 ## - INTERNATIONAL STANDARD BOOK NUMBER
ISBN 81 7169 259 1
041 ## - LANGUAGE CODE
Language code of text/sound track or separate title eng
082 ## - DEWEY DECIMAL CLASSIFICATION NUMBER
Classification number 631.587
Item number BHA/IN
100 ## - MAIN ENTRY--AUTHOR NAME
Personal name Bhawan, B D .
245 ## - TITLE STATEMENT
Title Indian water resource development for irigation: issues critics reviews /
250 ## - EDITION STATEMENT
Edition statement 1 /
260 ## - PUBLICATION, DISTRIBUTION, ETC. (IMPRINT)
Place of publication New Delhi :
Name of publisher Commonwealth Publishers ,
Year of publication 1993.
300 ## - PHYSICAL DESCRIPTION
Number of Pages 277 ; .
942 ## - ADDED ENTRY ELEMENTS (KOHA)
Koha item type Books
Holdings
Withdrawn status Lost status Damaged status Home library Current library Date acquired Full call number Accession Number Koha item type
      KAUAET KAUAET 07/04/2012 631.587 19704 Books
free website counter